000 00508nam a22001697a 4500
999 _c17670
_d17670
008 190517b xxu||||| |||| 00| 0 eng d
020 _a8122414585
040 _aKABU
_cKABU
050 _aQA276
_b.A33 2003 c. 1
100 _aAgarwal, B.L.
245 _aProgrammed statistics (Questions - Answers)
_cB.L. Agarwal
250 _a2nd ed.
260 _aNew Delhi
_bNew Age International (P) Limited
_c2003
300 _axxv, 629 p.
650 _aStatistics (Computer program)
942 _2lcc
_cBK
_hQA276